Statistics for FIFA 23 Top Ligue 1 Players

Click here to take the quiz!

General Stats

  • This quiz has been taken 550 times
    (476 since last reset)
  • The average score is 34 of 96

Answer Stats

RatingPlayerClubRank% Correct
91Kylian MbappéParis Saint-Germain3
100%
91Lionel MessiParis Saint-Germain5
96%
89NeymarParis Saint-Germain11
95%
88Gianluigi DonnarummaParis Saint-Germain27
92%
87Marco VerrattiParis Saint-Germain39
89%
88MarquinhosParis Saint-Germain23
86%
84Wissam Ben YedderMonaco96
80%
84Achraf HakimiParis Saint-Germain98
79%
84Sergio RamosParis Saint-Germain117
75%
83Presnel KimpembeParis Saint-Germain168
72%
88Keylor NavasParis Saint-Germain30
71%
80Nuno MendesParis Saint-Germain434
71%
81Alexandre LacazetteLyon322
64%
83Carlos SolerParis Saint-Germain159
60%
82Dimitri PayetMarseille262
58%
81Seko FofanaLens286
54%
79Youssouf FofanaMonaco521
54%
82Anthony LopesLyon223
51%
79Jonathan DavidLille553
49%
83FabiánParis Saint-Germain172
48%
78Juan BernatParis Saint-Germain751
47%
81Martin TerrierRennes328
46%
79VitinhaParis Saint-Germain560
46%
80Danilo PereiraParis Saint-Germain442
44%
82Kevin VollandMonaco208
43%
80Renato SanchesParis Saint-Germain362
43%
79Steve MandandaRennes582
43%
79Alexis SánchezMarseille529
42%
81Corentin TolissoLyon289
42%
83Kasper SchmeichelNice191
42%
81Téji SavanierMontpellier312
42%
79Pau LópezMarseille545
41%
80Andy DelortNice393
40%
81Gaëtan LabordeNice317
40%
80Mattéo GuendouziMarseille373
40%
80Jonathan ClaussMarseille424
39%
80Moussa DembéléLyon476
38%
79Houssem AouarLyon525
37%
79Amine GouiriRennes511
36%
78Valentin RongierMarseille655
36%
79Ludovic BlasNantes536
35%
80Alban LafontNantes452
34%
79Alexandr GolovinMonaco523
34%
81Benjamin BourigeaudRennes276
34%
79Chancel MbembaMarseille541
33%
79Maxence CaqueretLyon548
32%
79Jordan VeretoutMarseille486
30%
78Karl Toko EkambiLyon776
30%
78DanteNice783
29%
79Nordi MukieleParis Saint-Germain602
29%
81Pablo SarabiaParis Saint-Germain318
29%
77Habib DialloStrasbourg991
28%
79Jérôme BoatengLyon594
28%
80José FonteLille484
28%
77Kevin GameiroStrasbourg880
28%
77Khephren ThuramNice815
27%
77Nicolas PalloisNantes966
27%
79Benjamin AndréLille516
26%
79Cengiz ÜnderMarseille599
26%
78Jean-Clair TodiboNice703
26%
79Ludovic AjorqueStrasbourg565
26%
81Nicolás TagliaficoLyon346
26%
80Hamari TraoréRennes440
25%
78Samuel GigotMarseille741
24%
78Alexander NübelMonaco767
22%
77Moses SimonNantes935
22%
77Benoît BadiashileMonaco910
21%
77Mauro IcardiParis Saint-Germain983
20%
77Breel EmboloMonaco813
19%
78Caio HenriqueMonaco770
19%
80Lovro MajerRennes415
19%
79Nicolas PépéNice580
19%
77Moussa SissokoNantes829
17%
78Junya ItoReims646
16%
79Matz SelsStrasbourg609
16%
78Sofiane DiopNice757
16%
77Sofiane BoufalAngers941
15%
77Adrien ThomassonStrasbourg855
14%
78GersonMarseille652
14%
77Mohamed CamaraMonaco838
14%
78Andrei GirottoNantes671
13%
77Gelson MartinsMonaco886
13%
77Alexander DjikuStrasbourg860
12%
78Guillermo MaripánMonaco805
12%
77Ruben AguilarMonaco952
12%
77Franck HonoratBrest914
11%
78Romain FaivreLyon679
11%
77Flavien TaitRennes854
10%
79Jonas OmlinMontpellier575
10%
77Jordan FerriMontpellier902
10%
77Stephy MavididiMontpellier944
10%
78Pablo RosarioNice698
8%
77Pedro ChirivellaNantes963
8%
77Alfred GomisRennes961
7%
79IsmailyLille531
7%
78RafinhaParis Saint-Germain685
4%

Score Distribution

Percentile by Number Answered

Percent of People with Each Score

Your Score History

You have not taken this quiz since the last reset